• 首页
  • 本馆介绍
  • 公告通知
  • 最新文献
  • 馆藏检索
  • 电子资源
  • 读者导购
  • 参考咨询
  • 我的图书馆
  • 登录
  • 详细信息显示
  • 放入我的书架
  • 预约/预借图书
  • 作者相关作品
  • 分类相关作品
  • 丛书相关作品
  • 出版社相关作品

书目信息

  • 表格格式
  • 工作单格式
  • 卡片格式
题名:
钟表维修
    
 
作者: 陈章博 编著
分册:  
出版信息: 上海   上海科学技术出版社  1987.10
页数: 270页
开本: 20cm
丛书名: 专业户万有问答丛书
单 册:
中图分类: TH714.507
科图分类:
主题词: 计量仪器
电子资源:
ISBN: 7-5323-1627-0
000 00654nam0 2200217 450
001 0854891964
005 20100702082236.18
010    @a7-5323-1627-0@dCNY1.75
100    @a20081008d1987 km y0chiy0120 ea
101 0  @achi
102    @aCN@b310000
200 1  @a钟表维修@Azhong biao wei xiu@f陈章博等编著@Fchen zhang bo deng bian zhu
210    @a上海@c上海科学技术出版社@d1987.10
215    @a270页@d20cm
225 2  @a专业户万有问答丛书
410  0 @12001 @a专业户万有问答丛书
606 0  @a计量仪器
690    @aTH714.507@v4
701  0 @a陈章博@Achen zhang bo@4编著
801  0 @aCN@b大连网信软件有限公司图书馆·11@c20100702
905    @aBZT@dTH714.507@e1
    
    钟表维修/陈章博等编著.-上海:上海科学技术出版社,1987.10
    270页;20cm.-(专业户万有问答丛书)
    
    
    ISBN 7-5323-1627-0:CNY1.75
    
●
相关链接 在五车中查询图书 在当当中查询图书 在豆瓣中查询图书


正题名:钟表维修     索取号:TH714.507/1         预约/预借

序号 登录号 条形码 馆藏地/架位号 状态 备注
1 011046   201254365   中心书库中库/ 中库029架B面3列5层11/ [索取号:TH714.507/1] 在馆    
2 011049   201254374   中心书库中库/ 中库029架B面3列5层9/ [索取号:TH714.507/1] 在馆    
山东省滨州职业学院图书馆 欢迎您!
大连网信软件有限公司© 版权所有